000 00743nam a22002777a 4500
001 BR0602020
003 BR-BrBNA
005 20230928102129.0
007 ta
008 230509b bl.||||| |||| 00| 0 por d
040 _aBR-BrBNA
_bpor
_cBiblioteca Nacional de Agricultura
041 _a(Por)
072 _aE14; E71
_b0150
_b9205
090 _ 0150 BR0602020
100 1 _aVencato, A.
245 1 _aAnuário Brasileiro do arroz 2006
260 3 _aSanta Cruz do Sul, RS (Brasil):
_bEditora Gazeta Santa Cruz,
_c2006.
300 _a136 p.
650 _aARROZ
650 _aGRÃO
650 _aPRODUTIVIDADE
650 _aDIFUSÃO DE TECNOLOGIA
650 _aMERCADO MUNDIAL
909 _a202309
_bLucia
_c55
_dLucia Elande
942 _cBK
999 _c69287
_d69287